000 02410cam a22004694i 4500
003 PE-LiUPU
005 20250731173336.0
008 150706s r 000 0 d
020 _a9780805440267
035 _a(Sirsi) i9780805440267
040 _aPE-LiUPU
_bspa
_cPE-LiUPU
_erda
049 _aPRUA
082 0 4 _a230
_bM43
_221
100 1 _aMerrill, Eugene H.,
_eautor.
245 1 0 _aEverlasting a theology of the Old Testament /
_cEugene H. Merrill.
264 1 _aNashville, Tennessee :
_bBroadman & Holman PublishersGroup,
_c2006.
300 _a682 páginas ;
_c24 centímetros
336 _atext
_2rdacontent
337 _aunmediated
_2rdamedia
338 _avolume
_2rdacarrier
504 _aNotas bibliográficas al pie de algunas páginas.
505 0 _aThe origins, nature, and present state of Old Testamento theology -- God: His person and work -- The autobiography of God -- The revelation of God -- The wor0ks of God -- The purposes of God -- Mankind: the image of God -- The creation of Mankind -- The fall of Mankind -- The redemption of Mankind -- The creation of a nation -- The kingdon of God -- God and the world -- God and Israel -- Deuteronomy and covenant renewal -- The Deuteronomistic History -- The books of Chronicles, Ezra-Nehemiah, and Esther -- The prophets and the Kingdom -- The theology of the Eighth-Century canonical prophets -- The theology of the later preexilic and Exilic prophets -- The teology of the postexilic prophets -- Human reflection on the ways of God -- The theology of the Psalms -- The theology of the Wisdom literature.
526 _aSEG42
526 _aSEG41
526 _aSEG40
526 _aSEG39
526 _aP94
526 _aP87
526 _aP86
526 _aP85
526 _aP77
526 _aP76
526 _aP35
541 _g104-3776787-4588217;
630 _aBiblia.
_pA.T.
_xCrítica, interpretación, etc.
910 _agl
_bjv
_clch
_d20090810
942 _2ddc
_cBOOK
949 _a230 M43
_wDEWEY
_c1
_i59790
_lCCODEBUL1
_mBUL
_p27.00
_r0
_sY
_tBOOK
_u2015-7-6
_xTEOLOGIA
_PP85
_0COMPRA
_o.STAFF. Colección General
994 _aC0
_bPEPRU
596 _a1
999 _a230 M43
_wDEWEY
_c49322
_i59790
_d49322
_f2021-11-9
_g5
_lCCODEBUL1
_mBUL
_p27.00
_q2
_r0
_sY
_tBOOK
_u2015-7-6
_xTEOLOGIA
_PP85
_0COMPRA
_o.STAFF. Colección General
980 _81
_gALBERTO SANCHEZ Responsable de Automatización